000 00242nam a2200109Ia 4500
008 170627s9999 xx 000 0 und d
100 _aSENGUPTA- N.K.
245 0 _aGOVERNMENT AND BUSINESS
260 _bVIKAS
260 _c2005
546 _aENGLISH
690 _aBUSINESS
999 _c35342
_d35342